[Event "IECG CE.2003.0.00053 email"]
[Site "IECG email"]
[Date "2003.05.20"]
[Round "?"]
[White "Horvath, Daniel"]
[Black "Christopherson, Dan"]
[Result "1-0"]
[WhiteElo "1250"]
[BlackElo "1350"]
[PlyCount "59"]
[EventDate "2003.05.20"]
[EventType "tourn (corr)"]
[EventRounds "6"]
[SourceTitle "Corr 2008"]
[Source "ChessBase"]
[SourceDate "2008.06.24"]
[SourceVersion "1"]
[SourceVersionDate "2008.06.24"]
[SourceQuality "1"]

1. e4 c6 2. d4 d5 3. e5 c5 4. dxc5 e6 5. Be3 Nh6 6. c3 Nf5 7. Bd4 Nxd4 8. cxd4 b6 9. b4 a5 10. Bb5+ Bd7 11. Qa4 Bxb5 12. Qxb5+ Qd7 13. Qxb6 Nc6 14. b5 Nxd4 15. c6 Qa7 16. Qxa7 Rxa7 17. Nf3 Nc2+ 18. Kd1 Nxa1 19. b6 Bc5 20. bxa7 Bxa7 21. Nc3 Ke7 22. Nb5 Bxf2 23. Ke2 Bb6 24. Rxa1 Rc8 25. Rc1 Kd8 26. Ng5 f6 27. Nxe6+ Ke7 28. Nf4 Bd8 29. Nd6 Rc7 30. Nxd5+ 1-0